Quizzes
Events
Quiz Creation
Community
Videos
Private Events
Remove Ads
Sign In
Join for FREE
Feedback
Dark Mode
Quiz Categories
Sports
Geography
Music
Movies
Television
Just For Fun
Miscellaneous
History
Literature
Language
Science
Gaming
Entertainment
Religion
Holiday
For Kids
Quiz Lab
Recent
Popular Today
Quiz Kudos Today
Editor Picks
Curator Picks
Quizzes by...
Day
Popularity
Type
Ratings
Length
Year
Community
Subscriptions
Recent Discussions
Orange Saloon
Badges
Playlists
Quests
Create
Leaderboards
Showdown
Live 5
Trivia Bingo
Activity
Puzzle Library
Sporcle Events
Private Events
Virtual Trivia
Globe League
Become a Host
Pub Owners
SporcleCon
Opinionation
Our Games
Videos
Blog
Mobile Apps
Partnerships
Remove Ads and Go Orange
Feedback
Sports
Athletes
MLB
NBA
NHL
NFL
Soccer
Sports Teams
WWE
NCAA
Football
Premier League
Basketball
Baseball
Hockey
Golf
Tennis
Cricket
Rugby
Auto Racing
Olympics
World Cup
Sports
Athletes
MLB
NBA
NHL
NFL
Soccer
Sports Teams
WWE
NCAA
Football
Premier League
Basketball
Baseball
Hockey
Golf
Tennis
Cricket
Rugby
Auto Racing
Olympics
World Cup
Random Quiz
Search Sporcle
×
Quiz Lab
Quiz Lab
Sports
Basketball
Type in answers that appear in a list
Type in answers that appear in a list
Classic
Best Score? Go Orange.
NBA Top 5 Scorers By Team (2012 - 2013) Stats
Can you name the Top Five Scorers For Each NBA Team From The 2012 - 2013 Season?
By
jfishman11
15m
150 Questions
2,675 Plays
2,675 Plays
2,675 Plays
Comments
Comments
Give Quiz Kudos
Give Quiz Kudos
-
- Ratings
hide this ad
Replay
Link that replays current quiz
Next Quiz
Link to next quiz in quiz playlist
You Got
0%
They Got
Avg Score
60%
Avg Friend Score
Upgrade to see
Score Distribution
Jump to the score distribution portion of the page
Score
0/150
Timer
15:00
0
Plays Today
Team
Player
% Correct
Miami Heat
LeBron James
94.4%
Boston Celtics
Paul Pierce
92%
Boston Celtics
Kevin Garnett
91.2%
Los Angeles Lakers
Kobe Bryant
90%
Miami Heat
Dwyane Wade
89.8%
Miami Heat
Ray Allen
89.5%
Memphis Grizzlies
Tony Allen
89.2%
Oklahoma City Thunder
Kevin Durant
89.2%
Golden State Warriors
Stephen Curry
89.1%
Houston Rockets
James Harden
88.9%
Indiana Pacers
David West
88.7%
Los Angeles Clippers
Chris Paul
88.4%
Miami Heat
Chris Bosh
88.1%
Dallas Mavericks
Dirk Nowitzki
88%
Oklahoma City Thunder
Russell Westbrook
88%
Los Angeles Lakers
Pau Gasol
87.9%
Memphis Grizzlies
Marc Gasol
87.9%
New York Knicks
Carmelo Anthony
87.9%
Cleveland Cavaliers
Kyrie Irving
87.6%
Los Angeles Clippers
Blake Griffin
86.8%
Washington Wizards
John Wall
86.8%
Golden State Warriors
Klay Thompson
86.5%
Los Angeles Lakers
Dwight Howard
86.4%
Cleveland Cavaliers
Tristan Thompson
86.2%
Sacramento Kings
Jason Thompson
86.1%
Atlanta Hawks
Josh Smith
85.6%
New York Knicks
JR Smith
85.5%
Atlanta Hawks
Al Horford
85.3%
Brooklyn Nets
Deron Williams
85.2%
Minnesota Timberwolves
Derrick Williams
85%
Indiana Pacers
Paul George
84.7%
Brooklyn Nets
Joe Johnson
84.1%
Toronto Raptors
Amir Johnson
83.9%
San Antonio Spurs
Danny Green
83.6%
Boston Celtics
Jeff Green
83.5%
San Antonio Spurs
Tony Parker
83.4%
San Antonio Spurs
Tim Duncan
83.4%
Charlotte Bobcats
Kemba Walker
81.9%
Brooklyn Nets
Brook Lopez
81.7%
Chicago Bulls
Joakim Noah
81.7%
New Orleans Hornets
Robin Lopez
81.5%
Portland Trail Blazers
Damian Lillard
80.9%
New Orleans Hornets
Anthony Davis
79.7%
Atlanta Hawks
Jeff Teague
78.1%
Sacramento Kings
DeMarcus Cousins
77.5%
Memphis Grizzlies
Mike Conley
77%
Portland Trail Blazers
LaMarcus Aldridge
76.7%
San Antonio Spurs
Manu Ginobili
76.1%
Memphis Grizzlies
Zach Randolph
76%
Oklahoma City Thunder
Serge Ibaka
75.5%
Team
Player
% Correct
Utah Jazz
Paul Millsap
75.3%
Toronto Raptors
DeMar Derozan
74.7%
Milwaukee Bucks
Monta Ellis
74.6%
Chicago Bulls
Jimmy Butler
72.9%
Los Angeles Clippers
Caron Butler
72.8%
Washington Wizards
Bradley Beal
72.1%
Indiana Pacers
George Hill
70.9%
Chicago Bulls
Carlos Boozer
70.7%
New York Knicks
Tyson Chandler
70.7%
Golden State Warriors
David Lee
70.4%
Indiana Pacers
Roy Hibbert
70.4%
Utah Jazz
Al Jefferson
70%
Chicago Bulls
Luol Deng
69.5%
Miami Heat
Mario Chalmers
69.3%
New Orleans Hornets
Eric Gordon
68.5%
Atlanta Hawks
Kyle Korver
68.2%
Golden State Warriors
Jarret Jack
67.8%
Denver Nuggets
Andre Iguodala
67.6%
Milwaukee Bucks
Brandon Jennings
67.4%
Toronto Raptors
Kyle Lowry
66.3%
Toronto Raptors
Rudy Gay
66.3%
Philadelphia 76ers
Jrue Holiday
66.1%
Los Angeles Clippers
Jamal Crawford
65.6%
Charlotte Bobcats
Ben Gordon
65.3%
Denver Nuggets
Ty Lawson
64.9%
Sacramento Kings
Isaiah Thomas
64.8%
Dallas Mavericks
Vince Carter
64.3%
Phoenix Suns
Marcin Gortat
63.4%
Detroit Pistons
Greg Monroe
61.1%
Houston Rockets
Jeremy Lin
61%
Boston Celtics
Jason Terry
60.4%
Orlando Magic
Jameer Nelson
59.2%
Oklahoma City Thunder
Kevin Martin
59.1%
Portland Trail Blazers
Nicholas Batum
59%
Sacramento Kings
Tyreke Evans
58.7%
Phoenix Suns
Goran Dragic
58.4%
Philadelphia 76ers
Thaddeus Young
56.7%
Denver Nuggets
Danilo Gallinari
56.5%
Los Angeles Clippers
Matt Barnes
56.4%
Utah Jazz
Gordon Hayward
55.6%
Los Angeles Lakers
Metta World Peace
55.5%
New Orleans Hornets
Ryan Anderson
55.5%
Toronto Raptors
Alan Anderson
55.4%
Atlanta Hawks
Devin Harris
55.2%
Orlando Magic
Nikola Vucevic
55.2%
Dallas Mavericks
Shawn Marion
54.7%
Denver Nuggets
Kenneth Faried
54.5%
Indiana Pacers
Lance Stephenson
54.5%
Houston Rockets
Chandler Parsons
54.1%
Chicago Bulls
Nate Robinson
54%
Team
Player
% Correct
Washington Wizards
Nene Hilario
53.8%
Dallas Mavericks
OJ Mayo
52.2%
Portland Trail Blazers
Wesley Matthews
51.6%
Detroit Pistons
Brandon Knight
51.1%
New York Knicks
Raymond Felton
48.7%
Dallas Mavericks
Darren Collison
48.4%
San Antonio Spurs
Tiago Splitter
45.3%
Philadelphia 76ers
Evan Turner
45.1%
Houston Rockets
Omer Asik
44.8%
Washington Wizards
Emeka Okafor
44.7%
Minnesota Timberwolves
Nikola Pekovic
44.3%
Cleveland Cavaliers
Dion Waiters
44%
Charlotte Bobcats
Gerald Henderson
44%
Oklahoma City Thunder
Thabo Sefolosha
43.4%
Detroit Pistons
Rodney Stuckey
42.5%
Detroit Pistons
Will Bynum
41.9%
Milwaukee Bucks
Larry Sanders
39.2%
Charlotte Bobcats
Michael Kidd-Gilchrist
39.1%
Orlando Magic
Arron Afflalo
38.7%
Utah Jazz
Derrick Favors
38.6%
Boston Celtics
Brandon Bass
38.5%
Los Angeles Lakers
Antawn Jamison
38.2%
Milwaukee Bucks
Ersan Ilyasova
38.1%
Phoenix Suns
Luis Scola
35.2%
Philadelphia 76ers
Spencer Hawes
34.5%
New Orleans Hornets
Greivis Vasquez
33.7%
Minnesota Timberwolves
Andrei Kirilenko
32.7%
Portland Trail Blazers
JJ Hickson
32.1%
Denver Nuggets
Corey Brewer
31.8%
Minnesota Timberwolves
Jose Barea
30.8%
Phoenix Suns
Michael Beasley
30.2%
Phoenix Suns
Jared Dudley
29.4%
Cleveland Cavaliers
Alonzo Gee
27.4%
Sacramento Kings
Marcus Thornton
26.3%
Minnesota Timberwolves
Luke Ridnour
24.8%
Milwaukee Bucks
Mike Dunleavy
24.3%
Brooklyn Nets
Andre Blatche
24.2%
Golden State Warriors
Carl Landry
23.4%
New York Knicks
Steve Novak
22.8%
Utah Jazz
Randy Foye
22.7%
Charlotte Bobcats
Ramon Sessions
22.2%
Cleveland Cavaliers
CJ Miles
21.2%
Brooklyn Nets
CJ Watson
20.3%
Orlando Magic
Maurice Harkless
20.2%
Memphis Grizzlies
Jerryd Bayless
19.7%
Philadelphia 76ers
Dorell Wright
19.2%
Washington Wizards
Martell Webster
18.5%
Detroit Pistons
Kyle Singler
17.2%
Houston Rockets
Carlos Delfino
16.8%
Orlando Magic
E'Twan Moore
11%
Quiz Playlist
Details
Report
Send in Message
Add To Playlist
Classic:
Type in answers that appear in a list
Last Updated: Feb 16, 2017
Quiz Scoreboard
CHALLENGE
Sign Up to Join the Scoreboard
Show All
Scores
Hide
Comments
May contain spoilers
Recently Published
One Thing in Common: World Cities II
by knightlancer
Geography
7m
Popular People in 1961
by mucciniale
History
6m
1-10 Letter E Words III
by El_Dandy
Language
2m
More to Explore
Quiz From the Vault
Featured Blog Post
Where Did the Easter Bunny Come From?
hide this ad
You Might Also Like...
Tags
Basketball Quiz
NBA Quiz
150
Kobe Bryant
LeBron James
NBA Player
NBA Points
Point Scorers
Sports Franchise
Stats Leaders
Top 5
Today's Top Quizzes in Sports
Browse Sports
hide this ad
Today's Top Quizzes in Basketball
Browse Basketball
Top Contributed Quizzes in Sports
1
Les meilleurs buteurs des matchs entre le PSG et l’OM
2
Les entraîneurs de l'OM et du PSG au 21e siècle
3
FIFA Club World Cup Champions
4
2022 World Cup Stars
5
Name the Premier League winners with different clubs
6
La finale Lions - Afrique du Sud 2021
7
Criteria MLB: Left Handed Sluggers
8
Players with Multiple 50 Home Run Seasons
9
MLB Players with Two .350 Batting Average Seasons
10
MLB Hall of Famer by Rings
Explore More
Trending Topics
NBA
Marvel
Harry Potter
Disney
Kpop
Anime
Crossword
Pokémon
The Office
Puzzle
Soccer
Country
NFL
Song
WWE
hide this ad
More By:
jfishman11
Quiz
Plays
Rating
Category
Featured
Created
NBA MVP's Alma Maters
14,151
4.08
Sports
Jun 17, 2013
NFL Draft: Top 5 QBs
9,104
5.00
Sports
Aug 20, 2021
2014 NFL Team Statistic Leaders
2,812
4.50
Sports
Jan 2, 2015
NBA Top 5 Scorers By Team (2012 - 2013)
2,675
3.83
Sports
Jun 6, 2013
Almost Net Cutters
2,374
4.86
Sports
Apr 1, 2016
Go to Creator's Profile
Score Distribution
Quiz Creator Spotlight
jfishman11
Follow
Send a Message
Quizzes Created
-
Created Quiz Play Count
-
More By This Creator
Popular Quizzes Today
1
Find the US States - No Outlines Minefield
2
Find the Countries of Europe - No Outlines Minefield
3
The Countries of the World
4
Popular People in 1961
5
1-10 Letter E Words III
6
Find the US States
7
One Thing in Common: World Cities II
8
US States
More Sports Quizzes
Euro Big Five Top Scorers 2019-2020
Published
Trending Quizzes
Risky Map Clicking: Least Populous States A-Z
1-10 Letter F Words
1-10 Letter G Words
One Thing in Common: United Kingdom
Risky Map Clicking: Biggest States A-Z
Recently Updated
Leaping Animals
pecheneg
Reality TV Shows (A-Z)
bhenderson79
Rickey Henderson's Hall of Fame Teammates
pecheneg
Champions League XIs: Arsenal
pecheneg
Quick Pick: Celebrities in WWE's Hall of Fame
aduchscher
A-Z Keypad Blitz II
pecheneg
Multiple Oscar Actors
pecheneg
Mystery Phrase Blitz: Oscar 'Best Actors'
pecheneg
F. Scott Fitzgerald Novels
LTH
Pick 3 Villains
ddd62291
Trending Topics
Harry Potter
Anime
Crossword
NBA
Kpop
Disney
Marvel
Song
Puzzle
NFL
Country
Soccer
WWE
Pokémon
The Office
Your Account Isn't Verified!
In order to create a playlist on Sporcle, you need to verify the email address you used during registration. Go to your
Sporcle Settings
to finish the process.
Report this User
Report this user for behavior that violates our
Community Guidelines
.
Details:
Send Report
Go to the Sporcle.com Mobile Site →
Comments